Scope for cooperation in currency stability measures among Asian countries (Бичлэгийн дугаар. 145685)
| 000 -УДИРДЛАГА | |
|---|---|
| Удирдлага | 01027nam a22003017a 4500 |
| 003 - ХЯНАЛТЫН ТОО ТОДОРХОЙЛОГЧ | |
| Код | MN-UlNUM |
| 005 - БИЧИЛТ ХИЙСЭН ОГНОО | |
| Тухайн бичилтийг бичсэн засварласан сүүлийн огноо | 20260409175300.0 |
| 008 - ЕРӨНХИЙ МЭДЭЭЛЭЛ | |
| Ерөнхий мэдээлэл | 251118s2002 my abi|| |||| 00| 0 eng | |
| 020 ## - ISBN | |
| ISBN | 983955329X |
| 040 ## - БИЧЛЭГ ҮҮСГЭГЧ БАЙГУУЛЛАГА | |
| Бичлэг үүсгэгч номын сангийн код | МУИС-ийн номын сан |
| 084 ## - ББК АНГИЛАЛ | |
| Нэмэлт тусгалт | Гарын авлага |
| ББК ангилал | 65.261 |
| Зохиогчийн гурван тэмдэгт | K 24 |
| Мэдлэгийн ялгаа | 65 - Эдийн засаг |
| 100 1# - ЗОХИОГЧ | |
| Зохиогчийн нэр | Kaur, Parminder |
| 245 10 - ҮНДСЭН ГАРЧИГ | |
| Номын нэр | Scope for cooperation in currency stability measures among Asian countries |
| Оролцогчдын тухай мэдээ | by Parminder Kaur. |
| 260 ## - ГАРАЛТЫН МЭДЭЭ | |
| Хэвлэгдсэн газар | Kuala Lumpur, Malaysia : |
| Хэвлэлийн газар | South East Asian Central Banks, Research and Training Centre, |
| Хэвлэгдсэн он | 2002 |
| 300 ## - МАТЕРИАЛЫН ТОДОРХОЙЛОЛТ | |
| хуудасны тоо | xiii, 84 p. : |
| Бусад тоон мэдээлэл | ill. ; |
| Хэмжээ | 22 cm. |
| 500 ## - Тайлбар | |
| Дансны дугаар | БС 2226 |
| 546 ## - ХЭЛНИЙ ТУХАЙ МЭДЭЭ | |
| Хэл | Англи хэл дээр, |
| 653 ## - Түлхүүр үг | |
| Түлхүүр үг | foreign exchange rates |
| 653 ## - Түлхүүр үг | |
| Түлхүүр үг | monetary policy |
| 653 ## - Түлхүүр үг | |
| Түлхүүр үг | monetary unions |
| 653 ## - Түлхүүр үг | |
| Түлхүүр үг | international cooperation |
| 740 ## - НОМЫН ГАРЧИГ | |
| Гарчиг | Theoretical Background |
| 740 ## - НОМЫН ГАРЧИГ | |
| Гарчиг | Cost of Exchange Rate Instability |
| 740 ## - НОМЫН ГАРЧИГ | |
| Гарчиг | Impact of Exchange Rate Instability on Other Economies |
| 740 ## - НОМЫН ГАРЧИГ | |
| Гарчиг | Exchange Rate Arrangements to Promote Currency Stability |
| 942 ## - ЭЛЕМЕНТИЙН ТӨРӨЛ | |
| Зүйлийн төрөл | Ном |
